000 00619nam a2200241Ia 4500
003 OSt
005 20221005121329.0
006 a|||||r|||| 00| 0
007 ta
008 221004b |||||||| |||| 00| 0 san d
024 _a43748
037 _cTextual
040 _aCRL
_cCRL
_bsan
041 _2san
_asan
082 _aO15:1J40:1, H0
100 _aGani Som Charitra
_9630410
245 0 _aGurugub ratanakam kavyam
260 _c1940
650 _a ENGLISH LITERATURE
650 _aSANSKRIT LITERATURE
942 _hO15:1J40:1, H0
_cTEXL
_2cc
999 _c1040804
_d1040804